[Event "FRA-chT U16"]
[Site "Sautron"]
[Date "2018.05.20"]
[Round "2.1"]
[White "Gatineau, Yovann"]
[Black "Petit, Jimmy"]
[Result "1-0"]
[WhiteElo "2367"]
[BlackElo "1693"]
[PlyCount "91"]
[EventDate "2018.05.19"]
[EventType "team-match"]
[EventRounds "5"]
[EventCountry "FRA"]
[SourceTitle "EXT 2019"]
[Source "ChessBase"]
[SourceDate "2018.10.10"]
[SourceVersion "1"]
[SourceVersionDate "2018.10.10"]
[SourceQuality "1"]

1. d4 Nf6 2. Nf3 d5 3. c4 c6 4. Nc3 g6 5. e3 Bg7 6. h3 Bf5 7. cxd5 Nxd5 8. Qb3 Nb6 9. Be2 0-0 10. 0-0 N8d7 11. Rd1 Qc7 12. e4 Be6 13. Qc2 Bc4 14. a4 Bxe2 15. Qxe2 Nf6 16. Be3 Rfd8 17. Rac1 e6 18. g3 Qd7 19. Kg2 Qe8 20. a5 Nc8 21. Qc2 Ne7 22. Ne5 Nd7 23. Nc4 Nf6 24. f3 Nc8 25. Na4 Nd7 26. Bg5 Bf6 27. Bxf6 Nxf6 28. Ne5 Ne7 29. Nc5 Rab8 30. Qc4 b6 31. Nxe6 fxe6 32. Qxe6+ Kg7 33. d5 Neg8 34. Qxe8 Rxe8 35. Nxc6 Rb7 36. e5 Nd7 37. a6 Rc7 38. d6 Rcc8 39. f4 Kf7 40. Nd4 Nc5 41. b4 Ne6 42. Nxe6 Rxc1 43. Ng5+ Kf8 44. Rxc1 Nh6 45. Rc7 Nf5 46. Nxh7+ 1-0

[Event "FRA-chT U20 16 GP Basse 1011"]
[Site "France"]
[Date "2011.06.12"]
[Round "9"]
[White "Petit, Jimmy"]
[Black "Ea, Thibault"]
[Result "0-1"]
[WhiteElo "1350"]
[BlackElo "1510"]
[PlyCount "98"]
[EventDate "2010.06.20"]
[EventType "team-tourn"]
[EventRounds "11"]
[EventCountry "FRA"]
[SourceTitle "EXT 2015"]
[Source "ChessBase"]
[SourceDate "2014.11.20"]
[SourceVersion "1"]
[SourceVersionDate "2014.11.20"]
[SourceQuality "1"]
[WhiteTeam "Hyeres (U20)"]
[BlackTeam "Potemkine (U20)"]
[WhiteTeamCountry "FRA"]
[BlackTeamCountry "FRA"]

1. g3 e6 2. Bg2 d5 3. c4 Nf6 4. cxd5 exd5 5. d4 Bd6 6. Nc3 Be6 7. Nf3 c6 8. 0-0 0-0 9. Re1 Qb6 10. Bg5 Nbd7 11. e4 dxe4 12. Nxe4 Nxe4 13. Rxe4 Qxb2 14. Qe1 Bf5 15. Re2 Qb6 16. Nh4 Bd3 17. Re3 Bb5 18. Be7 Bxe7 19. Rxe7 Nf6 20. Nf5 Rfe8 21. h3 Rxe7 22. Nxe7+ Kh8 23. Nf5 Re8 24. Qd2 h6 25. Nd6 Rf8 26. Nf5 Qd8 27. g4 Nh7 28. h4 Qd7 29. Qf4 Qd8 30. Nxh6 gxh6 31. Qxh6 Qxd4 32. Re1 Qg7 33. Qh5 Qg6 34. Qe5+ f6 35. Qe7 Qf7 36. Qe4 Bc4 37. Ra1 Bd5 38. Qb4 Bxg2 39. Kxg2 Re8 40. g5 Qd5+ 41. Kg1 Qe5 42. g6 Qxa1+ 43. Kg2 Rg8 44. Qg4 Rg7 45. Qf5 Rc7 46. Qe6 Rg7 47. Qe8+ Rg8 48. Qf7 Nf8 49. g7+ Rxg7+ 0-1

[Event "FRA-chTA U20 1011"]
[Site "France"]
[Date "2010.12.19"]
[Round "7.8"]
[White "Coulet, Axel"]
[Black "Petit, Jimmy"]
[Result "0-1"]
[WhiteElo "1190"]
[BlackElo "1280"]
[PlyCount "46"]
[EventDate "2010.11.21"]
[EventType "team-tourn"]
[EventRounds "7"]
[EventCountry "FRA"]
[SourceTitle "EXT 2012"]
[Source "ChessBase"]
[SourceDate "2011.11.24"]
[SourceVersion "1"]
[SourceVersionDate "2011.11.24"]
[SourceQuality "1"]
[WhiteTeam "AECE"]
[BlackTeam "Hyeres"]
[WhiteTeamCountry "FRA"]
[BlackTeamCountry "FRA"]

1. d4 d5 2. c4 e6 3. Nc3 Nf6 4. Bg5 h6 5. Bxf6 Qxf6 6. Nf3 Qd8 7. e3 Nc6 8. Bd3 Bd6 9. 0-0 0-0 10. Qc2 Kh8 11. c5 Nb4 12. Qb1 Nxd3 13. Qxd3 Be7 14. Rad1 b6 15. cxb6 axb6 16. Qb5 Ba6 17. Qb4 Bxb4 18. Rfe1 Bxc3 19. bxc3 Bc4 20. Ne5 Rxa2 21. e4 Qf6 22. Nd7 Qxf2+ 23. Kh1 Qxg2# 0-1

[Event "FRA-chTA U20 1011"]
[Site "France"]
[Date "2010.12.19"]
[Round "7.9"]
[White "Petit, Jimmy"]
[Black "Coulet, Arthur"]
[Result "0-1"]
[WhiteElo "1280"]
[BlackElo "1325"]
[PlyCount "58"]
[EventDate "2010.11.21"]
[EventType "team-tourn"]
[EventRounds "7"]
[EventCountry "FRA"]
[SourceTitle "EXT 2012"]
[Source "ChessBase"]
[SourceDate "2011.11.24"]
[SourceVersion "1"]
[SourceVersionDate "2011.11.24"]
[SourceQuality "1"]
[WhiteTeam "Hyeres"]
[BlackTeam "AECE"]
[WhiteTeamCountry "FRA"]
[BlackTeamCountry "FRA"]

1. e4 e6 2. d4 d5 3. e5 c5 4. Nf3 cxd4 5. Nxd4 Nc6 6. Nxc6 bxc6 7. Nc3 f6 8. exf6 Nxf6 9. Bd2 Bd6 10. Bd3 Qc7 11. g3 0-0 12. Qf3 Ne4 13. Qh5 Nf6 14. Qh4 e5 15. Bg5 e4 16. Be2 Bb4 17. Bf4 Qd7 18. h3 d4 19. Bg4 Qf7 20. Bxc8 Raxc8 21. 0-0-0 dxc3 22. Be5 cxb2+ 23. Kb1 Be7 24. Bxb2 Rb8 25. Ka1 Nd5 26. Qxe4 Qf5 27. Qc4 Qxf2 28. Qg4 Bf6 29. Bxf6 Qxf6+ 0-1